000 01183nam a22002417a 4500
003 BPGM
008 260619b2008 mx bj||| |||| 001 0 spa d
040 _aQUERETARO
_bspa
041 _aspa
082 0 4 _2920.72 /
_a M828c 2008
100 _aGUTIÉRREZ GRAGEDA, BLANCA
_eCOORDINADORA
245 _aLA CONSTITUCION DE LA DEMOCRACIA
_bEN QUERÉTARO: 1824-1991
250 _aPRIMERA EDICION
_b2008
260 _aQUERÉTARO ;
_bUNIVERSIDAD AUTONOMA DE QUERETARO ,
_c2008 .
300 _a388 páginas
_c21.3 cm x 17.2 cm
336 _2rdacontent
_atexto
_btxt
337 _2rdamedia
_asin mediación
_bn
338 _2rdacarrier
_avolumen
_bnc
505 _aLA CONSTRUCCIÓN DE LA DEMOCRACIA EN QUERÉTARO (1824-1991) ES UNA OBRA HISTÓRICA Y SOCIOLÓGICA COORDINADA POR BLANCA GUTIÉRREZ GRAGEDA, MARTAGLORIA MORALES GARZA Y EVARISTO MARTÍNEZ CLEMENTE. EL LIBRO EXPLICA QUE LA DEMOCRACIA EN EL ESTADO NO APARECIÓ DE LA NOCHE A LA MAÑANA, SINO QUE FUE EL RESULTADO DE UNA LARGA TENSIÓN ENTRE EL CONTROL POLÍTICO DE LAS ÉLITES Y LAS DEMANDAS DE APERTURA DE LA SOCIEDAD.
650 _aGEOGRAFÍA E HISTORIA
650 _aBIOGRAFÍA, GENEALOGÍA, INSIGNIAS
942 _2ddc
_cCOLQ
999 _c68651
_d68651